Private Gerichte als Alternative zur staatlichen Zivilgerichtsbarkeit <Eine> ökonomische Analyse
Salvato in:
| Autore principale: | |
|---|---|
| Natura: | Libro |
| Lingua: | tedesco |
| Pubblicazione: |
Tübingen
Mohr
1987
|
| Edizione: | 1. Aufl. |
| Serie: | Kieler Studien
210 |
| Tags: |
Nessun Tag, puoi essere il primo ad aggiungerne!!
|
MARC
| LEADER | 00000nam a2200000 4500 | ||
|---|---|---|---|
| 001 | c032871 | ||
| 005 | 20221219111227.3 | ||
| 041 | 0 | |a ger | |
| 044 | |a DE | ||
| 245 | 1 | 0 | |a Private Gerichte als Alternative zur staatlichen Zivilgerichtsbarkeit |b <Eine> ökonomische Analyse |c Andreas Kotzorek |
| 250 | |a 1. Aufl. | ||
| 264 | 1 | |a Tübingen |b Mohr |c 1987 | |
| 300 | |a 145 s. | ||
| 490 | 1 | |a Kieler Studien |v 210 | |
| 830 | 0 | |a Kieler Studien |v 210 | |
| 100 | 1 | |a Kotzorek, Andreas | |